[Event "Titled Tue 17th Jun Late"]
[Site "chess.com INT"]
[Date "2025.06.17"]
[Round "5"]
[White "Gubajdullin, Alexei"]
[Black "Moreira, Ronaldo Alonso"]
[Result "1-0"]
[WhiteTitle "FM"]
[WhiteElo "2233"]
[BlackElo "2094"]
[WhiteFideId "4141202"]
[BlackFideId "2110547"]
[EventDate "2025.06.17"]

1. Nf3 Nf6 2. g3 d5 3. Bg2 e6 4. O-O Be7 5. d3 O-O 6. Nbd2 Nc6 7. e4 dxe4 8.
dxe4 e5 9. Qe2 Bc5 10. Nc4 Qe7 11. Ne3 Bxe3 12. Qxe3 b6 13. c3 a5 14. a4 Ba6 15.
Rd1 Rad8 16. Rxd8 Rxd8 17. Qe1 h6 18. Nh4 Qe6 19. Nf5 Qb3 20. Bf3 Bd3 21. Bd1
Bc2 22. Bf3 Bxe4 23. Ra3 Qc2 24. Ne3 Qb1 25. Be2 Bd3 26. Bf3 e4 27. Bg2 Ba6 28.
h3 Qd3 29. Bf1 1-0

[Event "Titled Tue 17th Jun Late"]
[Site "chess.com INT"]
[Date "2025.06.17"]
[Round "5"]
[White "Balaji, Aaravamudhan"]
[Black "Chocenka, Dmitrijus"]
[Result "0-1"]
[WhiteTitle "IM"]
[BlackTitle "FM"]
[WhiteElo "2346"]
[BlackElo "2314"]
[WhiteFideId "436224"]
[BlackFideId "12802336"]
[EventDate "2025.06.17"]

1. b4 c6 2. Bb2 Qb6 3. a3 a5 4. c3 Nf6 5. e3 d5 6. Nf3 Bf5 7. g3 Nbd7 8. Bg2 e5
9. O-O e4 10. Nd4 Bg6 11. Qe2 Ne5 12. Ra2 Nd3 13. Ba1 Bd6 14. f3 Qa6 15. fxe4
dxe4 16. bxa5 Bh5 17. Nf3 exf3 18. Bxf3 Bxf3 19. Qxf3 Qc4 20. Rc2 Rxa5 21. Qe2
h5 22. Rcc1 h4 23. g4 Qxg4+ 24. Qxg4 Nxg4 25. Rcd1 Rg5 26. Kh1 Ngf2+ 27. Rxf2
Nxf2# 0-1

[Event "Titled Tue 17th Jun Late"]
[Site "chess.com INT"]
[Date "2025.06.17"]
[Round "5"]
[White "Nedelcu, Teodor-Cosmin"]
[Black "Guarin Fonseca, Nobel Alfredo"]
[Result "0-1"]
[WhiteTitle "FM"]
[BlackTitle "FM"]
[WhiteElo "2281"]
[BlackElo "2035"]
[WhiteFideId "1246305"]
[BlackFideId "4477731"]
[EventDate "2025.06.17"]

1. d4 Nf6 2. c4 e6 3. Nc3 d5 4. Bg5 Be7 5. Nf3 a6 6. e3 dxc4 7. Bxc4 b5 8. Bb3
Bb7 9. O-O O-O 10. Rc1 Nbd7 11. Ne5 Nxe5 12. dxe5 Nd7 13. Bxe7 Qxe7 14. Bc2 c5
15. Be4 Bxe4 16. Nxe4 Nxe5 17. Rxc5 Nc4 18. b3 Nb6 19. Qc2 Rac8 20. Rd1 f5 21.
b4 fxe4 22. Qxe4 Rxc5 23. bxc5 Nd5 24. Rxd5 Qf6 25. f4 exd5 26. Qxd5+ Qf7 27.
Qd6 Re8 28. c6 Qe6 29. Qd1 Qxe3+ 30. Kf1 Qxf4+ 31. Kg1 Qe3+ 32. Kf1 Rf8+ 0-1

[Event "Titled Tue 17th Jun Late"]
[Site "chess.com INT"]
[Date "2025.06.17"]
[Round "5"]
[White "Schmider, Niklas"]
[Black "Londono Lopez, Donaldo"]
[Result "0-1"]
[WhiteTitle "IM"]
[BlackTitle "FM"]
[WhiteElo "2421"]
[BlackElo "2186"]
[WhiteFideId "12993778"]
[BlackFideId "4462009"]
[EventDate "2025.06.17"]

1. e4 c5 2. d3 Nc6 3. f4 g6 4. Be2 Bg7 5. Nf3 d6 6. O-O e6 7. c3 Nge7 8. Be3 O-O
9. d4 cxd4 10. Nxd4 d5 11. e5 Nxd4 12. cxd4 Nf5 13. Bf2 Qb6 14. Qd2 h5 15. Nc3
Bd7 16. Rac1 Rfc8 17. Bd3 Ne7 18. a3 a6 19. Rfd1 Rc7 20. h3 Rac8 21. g4 hxg4 22.
hxg4 Bb5 23. Bb1 f6 24. Kg2 Kf7 25. Rh1 Rh8 26. Rxh8 Bxh8 27. Rh1 Bg7 28. Rh7
Kg8 29. Rxg7+ Kxg7 30. Bh4 fxe5 31. fxe5 Ng8 32. Qg5 Be8 33. Qd8 Qxb2+ 34. Bf2
Rf7 0-1

[Event "Titled Tue 17th Jun Late"]
[Site "chess.com INT"]
[Date "2025.06.17"]
[Round "5"]
[White "Onur, Cigdem"]
[Black "Kozelov, Roman"]
[Result "1-0"]
[WhiteTitle "WCM"]
[WhiteElo "1956"]
[BlackElo "2071"]
[WhiteFideId "6346030"]
[BlackFideId "14133377"]
[EventDate "2025.06.17"]

1. e4 e6 2. d4 d5 3. Nd2 c5 4. Ngf3 Nc6 5. c3 cxd4 6. cxd4 Nf6 7. e5 Ng8 8. Bd3
Qb6 9. O-O Nxd4 10. Nxd4 Qxd4 11. Nf3 Qb6 12. a3 Ne7 13. Be3 Qd8 14. Rc1 Bd7 15.
Ng5 h6 16. Qh5 g6 17. Qh3 Bg7 18. Nf3 Nf5 19. Bc5 b6 20. Bb4 a5 21. g4 axb4 22.
gxf5 gxf5 23. axb4 O-O 24. Kh1 Kh7 25. Rg1 Rg8 26. Ng5+ Qxg5 27. Rxg5 Bxe5 28.
Rxg8 Rxg8 29. Rg1 Rc8 30. Qe3 Bxb2 31. Qxb6 Rc3 32. Bxf5+ exf5 33. Qf6 Rg3 34.
Qxb2 1-0

[Event "Titled Tue 17th Jun Late"]
[Site "chess.com INT"]
[Date "2025.06.17"]
[Round "5"]
[White "Baylav, Can"]
[Black "Carroll, Thomas"]
[Result "1-0"]
[WhiteElo "2056"]
[BlackElo "2131"]
[WhiteFideId "6361293"]
[BlackFideId "450111"]
[EventDate "2025.06.17"]

1. Nf3 Nf6 2. c4 c5 3. b3 d5 4. Bb2 d4 5. e3 Nc6 6. exd4 cxd4 7. d3 e5 8. g3
Bb4+ 9. Nbd2 O-O 10. Bg2 e4 11. dxe4 Nxe4 12. O-O Nxd2 13. Nxd2 Bf5 14. a3 Bc3
15. Bxc3 dxc3 16. Ne4 Qd4 17. Qf3 Bxe4 18. Qxe4 Rfd8 19. Rac1 Rab8 20. Rfe1 Qxe4
21. Bxe4 Nd4 22. Rxc3 Ne6 23. Bd5 Nc5 24. b4 Nd7 25. Re7 Nb6 26. Rxb7 Rbc8 27.
Bxf7+ Kf8 28. Rf3 Rb8 29. Rxa7 Nc8 30. Be6+ Ke8 31. Bxc8 Rbxc8 32. c5 Rd1+ 33.
Kg2 g5 34. Rff7 Rcd8 35. Rae7# 1-0

[Event "Titled Tue 17th Jun Late"]
[Site "chess.com INT"]
[Date "2025.06.17"]
[Round "5"]
[White "Hindermann, Felix"]
[Black "Thake, Conrad"]
[Result "1-0"]
[WhiteTitle "FM"]
[BlackTitle "CM"]
[WhiteElo "2289"]
[BlackElo "1873"]
[WhiteFideId "1305212"]
[BlackFideId "5602947"]
[EventDate "2025.06.17"]

1. e4 c5 2. c3 e6 3. d4 d5 4. exd5 exd5 5. Nf3 Nc6 6. Be3 cxd4 7. Nxd4 Nf6 8.
Bb5 Bd7 9. Qa4 Qc7 10. O-O Bd6 11. h3 O-O 12. Nd2 a6 13. Bxc6 bxc6 14. Qc2 Rfe8
15. Rae1 a5 16. Nf5 Bxf5 17. Qxf5 Re5 18. Qf3 Rae8 19. Nb3 a4 20. Nd4 Ne4 21.
Nf5 Bf8 22. Qg4 g6 23. Bf4 h5 24. Bxe5 Qxe5 25. Qg3 Qxf5 26. Qf3 Qxf3 27. gxf3
Nd6 28. Rxe8 Nxe8 29. Rb1 Nd6 30. b3 axb3 31. Rxb3 c5 32. a4 Nc4 33. Rb5 Nd2 34.
a5 Nxf3+ 35. Kh1 Ne5 36. a6 Nc6 37. Rb6 Na7 38. Rb7 Nc8 39. Rc7 Nb6 40. a7 1-0

[Event "Titled Tue 17th Jun Late"]
[Site "chess.com INT"]
[Date "2025.06.17"]
[Round "5"]
[White "Rozman, Levy"]
[Black "Silva Lucena, Cristian"]
[Result "1-0"]
[WhiteTitle "IM"]
[BlackTitle "FM"]
[WhiteElo "2324"]
[BlackElo "2243"]
[WhiteFideId "2039877"]
[BlackFideId "2232588"]
[EventDate "2025.06.17"]

1. Na3 Nf6 2. c3 g6 3. d4 Bg7 4. h4 d6 5. Bg5 h6 6. Bxf6 Bxf6 7. h5 g5 8. e3 c5
9. Bd3 Nc6 10. Ne2 Bg4 11. Qa4 Bd7 12. Qb3 Rb8 13. dxc5 dxc5 14. O-O-O Qc8 15.
Ng3 b5 16. Qd5 Ne5 17. Ne4 c4 18. Bc2 Be6 19. Nxf6+ exf6 20. Qd6 Rb6 21. Qb4 a6
22. f4 Ng4 23. Rhe1 Nf2 24. Rd2 Ng4 25. f5 Bxf5 26. Bxf5 Qxf5 27. Red1 Rb8 28.
Nxc4 1-0

[Event "Titled Tue 17th Jun Late"]
[Site "chess.com INT"]
[Date "2025.06.17"]
[Round "5"]
[White "Miserendino, Alfredo"]
[Black "Brancaleoni, Maurizio"]
[Result "0-1"]
[BlackTitle "FM"]
[WhiteElo "2032"]
[BlackElo "2185"]
[WhiteFideId "101800"]
[BlackFideId "803022"]
[EventDate "2025.06.17"]

1. e4 c6 2. d4 d5 3. Nc3 dxe4 4. Nxe4 Nf6 5. Nxf6+ exf6 6. c3 Bd6 7. Bd3 O-O 8.
Qc2 Re8+ 9. Be3 h6 10. O-O-O Nd7 11. g4 Nb6 12. Bf5 Nd5 13. h4 Rxe3 14. fxe3
Nxe3 15. Qd3 Nxd1 16. Qxd1 Bf4+ 17. Kb1 Bxf5+ 18. gxf5 Qd5 19. Ne2 Qxf5+ 20. Ka1
Bd6 21. Nc1 Re8 22. Re1 Re4 23. Rxe4 Qxe4 24. h5 f5 25. a3 f4 26. Qg4 f5 27. Qg6
f3 0-1

[Event "Titled Tue 17th Jun Late"]
[Site "chess.com INT"]
[Date "2025.06.17"]
[Round "5"]
[White "Manukyan, Sargis A."]
[Black "Ozen, Batuhan"]
[Result "1-0"]
[WhiteTitle "FM"]
[BlackTitle "CM"]
[WhiteElo "2294"]
[BlackElo "2128"]
[WhiteFideId "13303970"]
[BlackFideId "6345123"]
[EventDate "2025.06.17"]

1. d4 Nf6 2. c4 e6 3. Nc3 d5 4. cxd5 exd5 5. Bg5 Be7 6. e3 c6 7. Bd3 Ne4 8. Bxe7
Qxe7 9. Nge2 Bf5 10. O-O Nxc3 11. bxc3 Bxd3 12. Qxd3 Nd7 13. c4 dxc4 14. Qxc4
O-O 15. Rab1 Rab8 16. a4 Rfc8 17. Nc3 Nf6 18. a5 b6 19. axb6 axb6 20. Rb2 Ne4
21. Nxe4 Qxe4 22. Rfb1 b5 23. Qc2 Qd5 24. h3 f5 25. Qb3 Qxb3 26. Rxb3 Kf7 27.
Rc3 Ke6 28. Rc5 Kd6 29. Rxf5 Rf8 30. Rc5 Rb6 31. Kf1 Ra8 32. Rb2 b4 33. Ke2 b3
34. Kd3 Ra1 35. Rc3 Ra3 36. Rc1 g6 37. Kc3 Rb5 38. Rcb1 Rg5 39. g3 Rf5 40. f4
Rh5 41. h4 Rb5 42. Rxb3 Rbxb3+ 43. Rxb3 Rxb3+ 44. Kxb3 Kd5 45. g4 h5 46. gxh5
gxh5 47. Kc3 Ke4 48. Kc4 Kf5 49. d5 Kg4 50. dxc6 1-0

[Event "Titled Tue 17th Jun Late"]
[Site "chess.com INT"]
[Date "2025.06.17"]
[Round "5"]
[White "Galchenko, Matvey"]
[Black "Ljepic, Andrej"]
[Result "1-0"]
[WhiteTitle "IM"]
[BlackTitle "FM"]
[WhiteElo "2435"]
[BlackElo "2358"]
[WhiteFideId "24175480"]
[BlackFideId "980625"]
[EventDate "2025.06.17"]

1. e4 e6 2. d4 d5 3. e5 c5 4. c3 Nc6 5. Nf3 Bd7 6. Be2 Nge7 7. Na3 cxd4 8. cxd4
Nf5 9. Nc2 Be7 10. O-O O-O 11. Bd3 Nh4 12. Nxh4 Bxh4 13. Qh5 g6 14. Qh6 Be7 15.
g3 f6 16. Bxg6 hxg6 17. Qxg6+ Kh8 18. Qh5+ Kg8 19. Bh6 Rf7 20. Qg6+ Kh8 21. Qxf7
Qg8 22. Qxg8+ Rxg8 23. exf6 Bxf6 24. Rad1 Be8 25. Be3 Bg6 26. Ne1 Bh5 27. Rd2 e5
28. dxe5 Bxe5 29. Rxd5 Be2 30. Rxe5 Nxe5 31. Bd4 Kh7 32. Bxe5 Rd8 33. Ng2 1-0

[Event "Titled Tue 17th Jun Late"]
[Site "chess.com INT"]
[Date "2025.06.17"]
[Round "5"]
[White "Tang, Benjamin"]
[Black "Yatskar, Martin"]
[Result "1-0"]
[WhiteTitle "FM"]
[BlackTitle "CM"]
[WhiteElo "2132"]
[BlackElo "2225"]
[WhiteFideId "30964342"]
[BlackFideId "34109676"]
[EventDate "2025.06.17"]

1. e4 e5 2. Nf3 Nc6 3. Nc3 Nf6 4. d4 exd4 5. Nxd4 Bb4 6. Nxc6 bxc6 7. Bd3 O-O 8.
O-O Re8 9. Qf3 h6 10. h3 d6 11. Bf4 Nd7 12. Qg3 Kh8 13. Rad1 Qf6 14. Rfe1 Ne5
15. Bf1 Rb8 16. a3 Bxc3 17. bxc3 Rb2 18. Bd3 Nxd3 19. cxd3 Qxc3 20. Rc1 Qa5 21.
Re3 g5 22. e5 d5 23. Bxg5 hxg5 24. Qxg5 Qxa3 25. Qh6+ Kg8 26. Rg3+ 1-0

[Event "Titled Tue 17th Jun Late"]
[Site "chess.com INT"]
[Date "2025.06.17"]
[Round "5"]
[White "Einarsson, Halldor Gretar"]
[Black "Atis, Hasan"]
[Result "0-1"]
[WhiteTitle "FM"]
[BlackTitle "CM"]
[WhiteElo "2177"]
[BlackElo "2089"]
[WhiteFideId "2300150"]
[BlackFideId "44598017"]
[EventDate "2025.06.17"]

1. d4 e6 2. g3 Nf6 3. Bg2 c5 4. Nf3 Nc6 5. O-O cxd4 6. Nxd4 d5 7. c4 Be7 8. Nc3
O-O 9. cxd5 exd5 10. Bg5 Be6 11. Nxc6 bxc6 12. Qa4 Qb6 13. Rab1 h6 14. Be3 Bc5
15. Bxc5 Qxc5 16. Rfc1 Qb6 17. Qa3 Bf5 18. Ra1 Rfe8 19. Na4 Qa6 20. Bf1 Ne4 21.
f3 Nd2 22. e4 Nxf1 23. exf5 Nd2 24. Re1 d4 25. Qb4 Nxf3+ 26. Kf2 Nxe1 27. Rxe1
Rxe1 28. Kxe1 Re8+ 0-1

[Event "Titled Tue 17th Jun Late"]
[Site "chess.com INT"]
[Date "2025.06.17"]
[Round "5"]
[White "Fedunov, Danil"]
[Black "Bulgak, Damir"]
[Result "0-1"]
[BlackTitle "CM"]
[WhiteElo "1917"]
[BlackElo "2213"]
[WhiteFideId "2006413"]
[BlackFideId "13528882"]
[EventDate "2025.06.17"]

1. e4 c5 2. Nf3 Nc6 3. d4 cxd4 4. Nxd4 Nf6 5. Nc3 e5 6. Ndb5 d6 7. Bg5 a6 8. Na3
b5 9. Nd5 Be7 10. Bxf6 Bxf6 11. c3 Rb8 12. Nc2 Bg5 13. Be2 O-O 14. O-O Be6 15.
Nce3 Bxe3 16. Nxe3 Ne7 17. Qc2 Qb6 18. Rad1 Rfd8 19. Nd5 Bxd5 20. exd5 f5 21.
Rfe1 e4 22. Qd2 Ng6 23. Qg5 Rf8 24. Bf1 Ne5 25. Rd4 Rbe8 26. h4 h6 27. Qf4 Ng4
28. Be2 Ne5 29. Bh5 Re7 30. Bd1 Qd8 31. a4 Nd3 32. Qd2 Nxe1 33. Qxe1 Qb6 34.
axb5 axb5 35. Bb3 Ra8 36. Kh2 Rea7 37. Qd1 Qd8 38. Qh5 Qf6 39. g4 fxg4 40. Rd2
Qf4+ 0-1

[Event "Titled Tue 17th Jun Late"]
[Site "chess.com INT"]
[Date "2025.06.17"]
[Round "5"]
[White "Vila Dupla, Aurelio"]
[Black "Bratovic, Blaz"]
[Result "0-1"]
[WhiteTitle "FM"]
[BlackTitle "IM"]
[WhiteElo "2056"]
[BlackElo "2319"]
[WhiteFideId "2203383"]
[BlackFideId "14603551"]
[EventDate "2025.06.17"]

1. Nf3 f5 2. c4 Nf6 3. g3 e6 4. Bg2 d5 5. b3 Bd6 6. Bb2 O-O 7. O-O c5 8. cxd5
Nxd5 9. Na3 Nc6 10. Nc4 Bc7 11. d4 cxd4 12. Nxd4 Nce7 13. e4 Nb4 14. a3 Nbc6 15.
exf5 exf5 16. Nxc6 bxc6 17. Qc2 Be6 18. Rad1 Bd5 19. Ne3 f4 20. Nxd5 cxd5 21.
Bxd5+ Nxd5 22. Qc4 Rf5 23. Rxd5 Qxd5 24. Qxc7 Rf7 25. Qc3 Re8 26. gxf4 Re6 27.
f3 Re2 28. Rf2 Rxf2 0-1

[Event "Titled Tue 17th Jun Late"]
[Site "chess.com INT"]
[Date "2025.06.17"]
[Round "5"]
[White "Firouzja, Alireza"]
[Black "Szpar, Milosz"]
[Result "1-0"]
[WhiteTitle "GM"]
[BlackTitle "IM"]
[WhiteElo "2766"]
[BlackElo "2495"]
[WhiteFideId "12573981"]
[BlackFideId "1184989"]
[EventDate "2025.06.17"]

1. Nf3 d5 2. g3 Nc6 3. d4 Bf5 4. Bg2 Nb4 5. Na3 e6 6. O-O Be7 7. c3 Nc6 8. Nb1
h5 9. h4 Nf6 10. Bf4 Ne4 11. Nbd2 g5 12. hxg5 Nxg5 13. Qb3 Nh3+ 14. Bxh3 Bxh3
15. Qxb7 Na5 16. Qa6 Bxf1 17. Rxf1 Nc4 18. Nxc4 dxc4 19. Qxc4 Qd5 20. Qxd5 exd5
21. Bxc7 h4 22. gxh4 Kd7 23. Bg3 Rag8 24. Kh2 f5 25. e3 a5 26. b3 f4 27. exf4
Rc8 28. c4 Bb4 29. Kh3 Ke6 30. c5 Kf5 31. Rd1 Ra8 32. Ne5 a4 33. Nc6 Bc3 34. Rd3
Bb2 35. Re3 axb3 36. axb3 Ra3 37. Ne7+ Kf6 38. Nxd5+ Kf5 39. Re5+ Kg6 40. f5+
Kf7 41. Re7+ Kf8 42. Bd6 Rxb3+ 43. Re3+ 1-0

[Event "Titled Tue 17th Jun Late"]
[Site "chess.com INT"]
[Date "2025.06.17"]
[Round "5"]
[White "Pullela, Sricharan"]
[Black "Abdou Ahmed Alem"]
[Result "1-0"]
[BlackTitle "CM"]
[WhiteElo "2144"]
[BlackElo "2002"]
[WhiteFideId "30951089"]
[BlackFideId "19603720"]
[EventDate "2025.06.17"]

1. c4 f5 2. Nf3 Nf6 3. d4 e6 4. g3 Bb4+ 5. Bd2 Be7 6. Bg2 O-O 7. O-O d6 8. Nc3
Qe8 9. b4 c6 10. b5 d5 11. bxc6 bxc6 12. c5 Ba6 13. Ne5 Ne4 14. Nxe4 fxe4 15.
Re1 Bf6 16. Bf4 g5 17. Be3 Bxe5 18. dxe5 Qg6 19. h3 Nd7 20. Bd4 Rf5 21. g4 Rf7
22. Qb3 Rb8 23. Qc3 h5 24. Qg3 h4 25. Qe3 Bc4 26. Rab1 Bxa2 27. Rxb8+ Nxb8 28.
Ra1 Bc4 29. Qc3 Rb7 30. Qa5 Qf7 31. Qd8+ Kh7 32. Qxg5 Bxe2 33. Qxh4+ Kg7 34.
Qg5+ Qg6 35. Qd8 e3 36. Bxe3 Rb1+ 37. Rxb1 Qxb1+ 38. Kh2 a5 39. Qf6+ Kh7 40.
Qf7+ Kh8 41. Bg5 1-0

[Event "Titled Tue 17th Jun Late"]
[Site "chess.com INT"]
[Date "2025.06.17"]
[Round "5"]
[White "Thomforde-Toates, Noah"]
[Black "Drygalov, Sergey"]
[Result "0-1"]
[BlackTitle "GM"]
[WhiteElo "2128"]
[BlackElo "2560"]
[WhiteFideId "30951992"]
[BlackFideId "24171743"]
[EventDate "2025.06.17"]

1. d4 Nf6 2. Nc3 d5 3. Bf4 a6 4. e3 e6 5. Bd3 b5 6. h4 c5 7. g4 h6 8. Qf3 c4 9.
Bf1 Bb7 10. g5 Ne4 11. Nxe4 dxe4 12. Qg3 hxg5 13. Bxg5 Qa5+ 14. c3 Nd7 15. Bh3
Nb6 16. Qc7 Bd5 17. Ne2 Rc8 18. Qa7 Bd6 19. Bf4 Ra8 20. Qxa8+ Nxa8 21. Bxd6 Rxh4
22. O-O-O Qxa2 23. Nf4 Nb6 24. Nxd5 exd5 25. Kc2 Na4 26. Ba3 b4 27. cxb4 Qb3+
28. Kd2 c3+ 29. Ke2 cxb2 0-1

[Event "Titled Tue 17th Jun Late"]
[Site "chess.com INT"]
[Date "2025.06.17"]
[Round "5"]
[White "Naroditsky, Daniel"]
[Black "Xiong, Jeffery"]
[Result "0-1"]
[WhiteTitle "GM"]
[BlackTitle "GM"]
[WhiteElo "2619"]
[BlackElo "2639"]
[WhiteFideId "2026961"]
[BlackFideId "2047640"]
[EventDate "2025.06.17"]

1. e4 c5 2. Nf3 Nc6 3. Bb5 d6 4. O-O Bd7 5. Re1 Nf6 6. c3 a6 7. Bf1 Bg4 8. h3
Bxf3 9. Qxf3 e6 10. d3 Be7 11. Be3 O-O 12. Nd2 d5 13. Qd1 b5 14. a4 d4 15. cxd4
cxd4 16. Bf4 Nd7 17. Rc1 Rc8 18. axb5 axb5 19. e5 Bg5 20. Bg3 Qa5 21. f4 Be7 22.
Ne4 Nb4 23. Rxc8 Rxc8 24. Qa1 Qc7 25. Qb1 Nd5 26. Be2 Bb4 27. Rf1 Ne3 28. Rf3
Qc2 29. Qxc2 Rxc2 30. Bf1 Rxb2 31. Bf2 Ba5 32. Nd6 Rb1 33. Bxe3 dxe3 34. Kh2
Rxf1 35. Rxf1 e2 36. Ra1 Bc3 37. Rc1 b4 38. Rc2 0-1

[Event "Titled Tue 17th Jun Late"]
[Site "chess.com INT"]
[Date "2025.06.17"]
[Round "5"]
[White "Bacus, Dharim"]
[Black "Demirtas, Alper"]
[Result "1-0"]
[WhiteTitle "FM"]
[BlackTitle "CM"]
[WhiteElo "2131"]
[BlackElo "2205"]
[WhiteFideId "5201527"]
[BlackFideId "44576781"]
[EventDate "2025.06.17"]

1. e4 e6 2. d4 d5 3. Nd2 dxe4 4. Nxe4 Nd7 5. Nf3 Ngf6 6. Nxf6+ Nxf6 7. Bd3 Be7
8. O-O O-O 9. c4 b6 10. b3 Bb7 11. Bb2 c5 12. dxc5 bxc5 13. Ne5 Qc7 14. Qe2 Rfd8
15. Rfe1 Bf8 16. Rad1 a5 17. a4 Rab8 18. h3 Ba8 19. Bc2 Qb7 20. f3 Nh5 21. Bc3
Qc7 22. Rxd8 Rxd8 23. Rd1 Rxd1+ 24. Qxd1 Bd6 25. Qe1 f6 26. Bxa5 Qa7 27. Ng4 Kf7
28. Bc3 Nf4 29. Qd2 Qb8 30. Nf2 Ng6 31. Ne4 Be5 32. a5 Bxc3 33. Qxc3 Ne5 34.
Nxc5 Qa7 35. b4 Nc6 36. Be4 Nxa5 37. Bxa8 Qxa8 38. bxa5 Qa7 39. Qb4 e5 40. Qb6
Kg6 41. Qxa7 1-0

[Event "Titled Tue 17th Jun Late"]
[Site "chess.com INT"]
[Date "2025.06.17"]
[Round "5"]
[White "Tinmaz, Kerem"]
[Black "Yazici, Ugur Doga"]
[Result "1-0"]
[WhiteTitle "FM"]
[BlackTitle "CM"]
[WhiteElo "2013"]
[BlackElo "2161"]
[WhiteFideId "44559151"]
[BlackFideId "6363342"]
[EventDate "2025.06.17"]

1. c4 Nf6 2. d4 g6 3. Nf3 Bg7 4. g3 O-O 5. Bg2 c6 6. Nc3 d5 7. cxd5 cxd5 8. O-O
Ne4 9. e3 Nxc3 10. bxc3 Nc6 11. Nd2 Re8 12. c4 dxc4 13. Nxc4 Na5 14. Nxa5 Qxa5
15. Bd2 Qa3 16. Qb3 Qxb3 17. axb3 e5 18. d5 e4 19. Rac1 Bf5 20. Rfd1 Bg4 21. Re1
Rad8 22. Bc3 Rxd5 23. Bxg7 Kxg7 24. Rc7 Rb5 25. Bf1 Rxb3 26. Bc4 Rb2 27. Bxf7
Rc8 28. Rec1 Rxc7 29. Rxc7 Kf6 30. h3 Rb1+ 31. Kh2 Bf3 32. g4 a5 33. Bd5 b5 34.
Rc6+ Ke5 35. Ba2 Rb2 36. Re6# 1-0

[Event "Titled Tue 17th Jun Late"]
[Site "chess.com INT"]
[Date "2025.06.17"]
[Round "5"]
[White "Mafra, Kaiser Luiz"]
[Black "Gorbenko, Rustem"]
[Result "0-1"]
[WhiteTitle "CM"]
[BlackTitle "CM"]
[WhiteElo "2076"]
[BlackElo "2201"]
[WhiteFideId "2106698"]
[BlackFideId "14111438"]
[EventDate "2025.06.17"]

1. d4 Nf6 2. Nc3 d5 3. Bf4 a6 4. e3 c5 5. a3 Nc6 6. dxc5 Bg4 7. f3 Bh5 8. Bg5 e6
9. b4 h6 10. Bh4 g5 11. Bg3 Bg7 12. Qd2 O-O 13. Bd3 a5 14. Bd6 axb4 15. Nb5 Ne4
16. fxe4 Bxa1 17. Bxf8 Qxf8 18. axb4 Bg7 19. Kf2 Ra1 20. exd5 e5 21. dxc6 bxc6
22. Nd6 Qe7 23. Bf1 Rd1 24. Qc3 e4 25. Qc4 Qf6+ 26. Nf3 Bxf3 27. Qxf7+ Qxf7 28.
Nxf7 Bh5 29. Nxh6+ Bxh6 30. Bc4+ Kg7 31. Rxd1 Bxd1 32. Bb3 Kf6 33. c4 Bxb3 0-1

[Event "Titled Tue 17th Jun Late"]
[Site "chess.com INT"]
[Date "2025.06.17"]
[Round "5"]
[White "Watanabe, Akira"]
[Black "Marchesich, Giovanni"]
[Result "0-1"]
[WhiteTitle "FM"]
[BlackTitle "CM"]
[WhiteElo "2284"]
[BlackElo "2189"]
[WhiteFideId "7000227"]
[BlackFideId "2824790"]
[EventDate "2025.06.17"]

1. d4 g6 2. c4 Bg7 3. Nf3 d6 4. Nc3 e5 5. d5 a5 6. e4 Na6 7. a3 Bd7 8. Be2 Ne7
9. O-O O-O 10. Rb1 Nc5 11. b4 axb4 12. axb4 Na4 13. Qc2 Nxc3 14. Qxc3 f5 15. Nd2
fxe4 16. Nxe4 Nf5 17. Bg5 Nd4 18. Bd3 Qe8 19. Ra1 h6 20. Be3 Bf5 21. Rxa8 Qxa8
22. Ra1 Qc8 23. f3 g5 24. Nf2 Bxd3 25. Bxd4 Bxc4 26. Qxc4 exd4 27. Ne4 Rf7 28.
b5 Qe8 29. Rd1 b6 30. h3 Be5 31. Ra1 Re7 32. Rc1 Qf8 33. Ra1 Qf4 34. Ra8+ Kg7
35. Qd3 Qh2+ 36. Kf2 h5 0-1

[Event "Titled Tue 17th Jun Late"]
[Site "chess.com INT"]
[Date "2025.06.17"]
[Round "5"]
[White "Rajaram, Rohan"]
[Black "Bluebaum, Matthias"]
[Result "0-1"]
[WhiteTitle "CM"]
[BlackTitle "GM"]
[WhiteElo "2164"]
[BlackElo "2663"]
[WhiteFideId "30940729"]
[BlackFideId "24651516"]
[EventDate "2025.06.17"]

1. Nf3 d5 2. e3 e6 3. c4 Nf6 4. b3 Bd6 5. Bb2 O-O 6. Nc3 c5 7. Be2 Nc6 8. O-O d4
9. exd4 cxd4 10. Nb5 e5 11. d3 Bc5 12. Na3 Bf5 13. Nc2 h6 14. Re1 Re8 15. Bf1
Qd6 16. a3 a5 17. h3 Rad8 18. Nd2 e4 19. Nxe4 Nxe4 20. dxe4 Bxe4 21. Bd3 Bxd3
22. Qxd3 Qg6 23. Rxe8+ Rxe8 24. Qxg6 fxg6 25. Ne1 Re2 26. Nd3 Bd6 27. Rd1 Rc2
28. g3 a4 29. c5 Bxc5 30. Nxc5 Rxc5 31. bxa4 Rc4 32. Rd3 Ne5 33. Rb3 d3 34. Rxb7
d2 35. Rb8+ Kh7 36. Rd8 Rd4 37. Rxd4 Nf3+ 0-1

[Event "Titled Tue 17th Jun Late"]
[Site "chess.com INT"]
[Date "2025.06.17"]
[Round "5"]
[White "Lysyj, Igor"]
[Black "Petrus, Adrian"]
[Result "1-0"]
[WhiteTitle "GM"]
[BlackTitle "CM"]
[WhiteElo "2582"]
[BlackElo "2203"]
[WhiteFideId "4150120"]
[BlackFideId "14573652"]
[EventDate "2025.06.17"]

1. d4 Nf6 2. c4 e6 3. Nc3 Bb4 4. Qc2 O-O 5. e3 b6 6. Bd3 Bb7 7. e4 d6 8. Ne2 e5
9. d5 Bxc3+ 10. Nxc3 Nh5 11. g3 Nd7 12. O-O Nc5 13. Be2 Nf6 14. b4 Ncd7 15. Be3
h6 16. f3 a5 17. a3 Qe7 18. Rfc1 Rfc8 19. Nb5 Nf8 20. c5 axb4 21. axb4 bxc5 22.
bxc5 Ba6 23. Nxd6 cxd6 24. Bxa6 dxc5 25. Bxc8 Rxc8 26. Bxc5 Qc7 27. Qf2 N8d7 28.
Be3 Qb7 29. Rxc8+ Qxc8 30. Qd2 Kh7 31. Kg2 Qc4 32. Rc1 Qb3 33. Bf2 g5 34. h3 Kg6
35. Rc7 h5 36. g4 hxg4 37. hxg4 Qa4 38. Be3 Nf8 39. Rc6 Nh7 40. Qb2 Qd1 41. Qxe5
Qe2+ 42. Bf2 Kg7 43. Qf5 1-0